[Event "Bad Wörishofen op 2012 28th"]
[Site "Bad Wörishofen (2.3.-10.3)"]
[Date "2012.03.02"]
[Round "1.83"]
[White "Deues, Erik"]
[Black "Lampert, Joshua"]
[Result "1-0"]
[WhiteElo "1987"]
[BlackElo "1504"]
[PlyCount "81"]
[EventDate "2012.03.??"]
[EventType "swiss"]
[EventRounds "9"]
[EventCountry "GER"]
[SourceDate "2013.02.18"]
[WhiteTeam "Germering SK"]
[BlackTeam "Hamburger SK"]

1. d4 Nf6 2. c4 c5 3. d5 b5 4. cxb5 a6 5. b6 d6 6. Nc3 Nbd7 7. e4 g6 8. Nf3 Bg7
9. Be2 O-O 10. O-O Nxb6 11. a4 Rb8 12. Nd2 Re8 13. a5 Nbd7 14. Nc4 Qc7 15. f4
Bb7 16. Kh1 Ba8 17. Bf3 Rec8 18. Re1 Ne8 19. Bg4 Rb4 20. Nb6 Nxb6 21. axb6 Rxb6
22. Bxc8 Qxc8 23. Ra3 Qb7 24. Qe2 Nc7 25. Qg4 e6 26. dxe6 Nxe6 27. Nd5 Rb5 28.
Qh4 Bxb2 29. Bxb2 Rxb2 30. f5 Nd4 31. Qh6 f6 32. fxg6 hxg6 33. Qxg6+ Kf8 34.
Qxf6+ Ke8 35. Rh3 Rb1 36. Rh8+ Kd7 37. Qe7+ Kc6 38. Qe8+ Qd7 39. Rxb1 Nb5 40.
Qxd7+ Kxd7 41. Rxa8 1-0

[Event "Bad Wörishofen op 2012 28th"]
[Site "Bad Wörishofen (2.3.-10.3)"]
[Date "2012.03.02"]
[Round "1.84"]
[White "Di Cicco, Daniela"]
[Black "Hoeller, Armin"]
[Result "0-1"]
[WhiteElo "1071"]
[BlackElo "2033"]
[PlyCount "56"]
[EventDate "2012.03.??"]
[EventType "swiss"]
[EventRounds "9"]
[EventCountry "GER"]
[SourceDate "2013.02.18"]
[WhiteTeam "ITA/Italien"]
[BlackTeam "Bad Aibling SK"]
[WhiteTeamCountry "ITA"]

1. d4 f5 2. Bf4 Nf6 3. a3 e6 4. Nf3 b6 5. Nbd2 Bb7 6. e3 Be7 7. Bd3 Nc6 8. c3
O-O 9. O-O Rc8 10. e4 fxe4 11. Nxe4 Nxe4 12. Qc1 d5 13. Re1 Na5 14. h4 Bxh4 15.
Bxe4 dxe4 16. Rxe4 Bxe4 17. Nxh4 Qxh4 18. Bg3 Qg4 19. Qe3 Nc4 20. Qc1 Rf6 21.
b3 Rcf8 22. Qf1 Nd2 23. Qe1 Rxf2 24. Qxf2 Rxf2 25. Kxf2 Bxg2 26. Kxg2 Ne4 27.
Rg1 Qxg3+ 28. Kh1 Nf2# 0-1

[Event "Bad Wörishofen op 2012 28th"]
[Site "Bad Wörishofen (2.3.-10.3)"]
[Date "2012.03.02"]
[Round "1.85"]
[White "Billio, Atto"]
[Black "Russ, Oliver(76)"]
[Result "1-0"]
[WhiteElo "2126"]
[BlackElo "1491"]
[PlyCount "51"]
[EventDate "2012.03.??"]
[EventType "swiss"]
[EventRounds "9"]
[EventCountry "GER"]
[SourceDate "2013.02.18"]
[WhiteTeam "ITA/Italien"]
[BlackTeam "Schwarzenberg-Raschau SG"]
[WhiteTeamCountry "ITA"]

1. c4 e5 2. g3 Nf6 3. Bg2 c6 4. d4 e4 5. Nc3 d5 6. Bg5 Be7 7. cxd5 cxd5 8. Bxf6
Bxf6 9. e3 Nc6 10. Qb3 Ne7 11. Nge2 b6 12. Nf4 O-O 13. Ncxd5 Nxd5 14. Qxd5 Qxd5
15. Nxd5 Bf5 16. Nxf6+ gxf6 17. Rc1 Rfe8 18. Kd2 Bd7 19. Rc7 Bb5 20. Rhc1 a5
21. Rb7 f5 22. Rxb6 Bd3 23. Bh3 Rab8 24. Rxb8 Rxb8 25. b3 Rb5 26. Rc5 1-0

[Event "Bad Wörishofen op 2012 28th"]
[Site "Bad Wörishofen (2.3.-10.3)"]
[Date "2012.03.02"]
[Round "1.86"]
[White "Friedrich, Norbert(66)"]
[Black "Taufratshofer, Martin"]
[Result "1-0"]
[WhiteElo "2292"]
[BlackElo "1854"]
[PlyCount "71"]
[EventDate "2012.03.??"]
[EventType "swiss"]
[EventRounds "9"]
[EventCountry "GER"]
[SourceDate "2013.02.18"]
[WhiteTeam "Waldshut-Tiengen SG"]
[BlackTeam "Obergünzburg SC"]

1. e4 g6 2. d4 Bg7 3. Nf3 d6 4. Be2 Nf6 5. Nc3 a6 6. O-O b5 7. e5 dxe5 8. dxe5
Nfd7 9. e6 fxe6 10. Ng5 Ne5 11. Qxd8+ Kxd8 12. f4 h6 13. fxe5 hxg5 14. Bf3 c6
15. Bxg5 Bxe5 16. Rad1+ Ke8 17. Be4 Bxh2+ 18. Kf2 Bd6 19. Bxg6+ Kd7 20. Ne4 Kc7
21. Ke3 Nd7 22. Rf7 Ne5 23. Nxd6 Nxg6 24. Bxe7 Ne5 25. Rg7 Kb6 26. b3 c5 27.
Ne4 Nd7 28. Bxc5+ Nxc5 29. Rd6+ Ka5 30. Nxc5 Rh5 31. Rc7 Rd5 32. Rdc6 Rd8 33.
a3 b4 34. a4 Rg8 35. Rxc8 Rgxc8 36. Nb7# 1-0

[Event "Bad Wörishofen op 2012 28th"]
[Site "Bad Wörishofen (2.3.-10.3)"]
[Date "2012.03.02"]
[Round "1.87"]
[White "Remensberger, Paul"]
[Black "Lang, Ludwig"]
[Result "1-0"]
[WhiteElo "2122"]
[BlackElo "1117"]
[PlyCount "105"]
[EventDate "2012.03.??"]
[EventType "swiss"]
[EventRounds "9"]
[EventCountry "GER"]
[SourceDate "2013.02.18"]
[WhiteTeam "SUI/Schweiz"]
[BlackTeam "Bobingen SK"]
[WhiteTeamCountry "SUI"]

1. d4 Nf6 2. Bg5 d5 3. Bxf6 exf6 4. e3 a6 5. g3 b6 6. Bg2 Bb7 7. Ne2 Be7 8. c4
O-O 9. Nbc3 c6 10. cxd5 cxd5 11. Qb3 Qd6 12. O-O Qb4 13. Nxd5 Bxd5 14. Qxb4
Bxb4 15. Bxd5 Ra7 16. Rac1 Rd8 17. Bf3 Bd6 18. Nc3 Rc7 19. Ne4 Rxc1 20. Rxc1
Be7 21. Kf1 f5 22. Nd2 Bb4 23. Ke2 Kf8 24. a3 Be7 25. Rc7 Rd7 26. Rc3 Ke8 27.
Nc4 Bd8 28. Ne5 Rc7 29. Nc4 b5 30. Nd6+ Kf8 31. Rxc7 Bxc7 32. Nxf5 g6 33. Nh4
Bd8 34. Ng2 Be7 35. Nf4 Ke8 36. Kd3 Kd7 37. Nd5 Bd8 38. h4 h5 39. e4 Nc6 40.
Bd1 Na5 41. Ne3 Nc6 42. f4 Bc7 43. e5 Bb6 44. Nc2 a5 45. Bf3 Ne7 46. Ne3 Nc6
47. Bxc6+ Kxc6 48. Ke4 Bd8 49. f5 Kd7 50. fxg6 fxg6 51. Nd5 Ke6 52. Nf4+ Kf7
53. d5 1-0

[Event "Bad Wörishofen op 2012 28th"]
[Site "Bad Wörishofen (2.3.-10.3)"]
[Date "2012.03.02"]
[Round "1.88"]
[White "Cerusico, Carlo"]
[Black "Marian, Hartmut"]
[Result "0-1"]
[WhiteElo "1191"]
[BlackElo "1966"]
[PlyCount "40"]
[EventDate "2012.03.??"]
[EventType "swiss"]
[EventRounds "9"]
[EventCountry "GER"]
[SourceDate "2013.02.18"]
[WhiteTeam "ITA/Italien"]
[BlackTeam "Germering SK"]
[WhiteTeamCountry "ITA"]

1. g3 Nf6 2. Bg2 g6 3. e3 Bg7 4. Ne2 O-O 5. O-O c5 6. d3 Nc6 7. Nd2 d5 8. h3 e5
9. a3 Qe7 10. b3 Be6 11. e4 Rad8 12. Kh2 dxe4 13. Nxe4 Nxe4 14. Bxe4 f5 15.
Bxc6 bxc6 16. Rb1 f4 17. f3 fxg3+ 18. Kxg3 Rf5 19. Nc3 Rh5 20. Rh1 Qh4+ 0-1

[Event "Bad Wörishofen op 2012 28th"]
[Site "Bad Wörishofen (2.3.-10.3)"]
[Date "2012.03.02"]
[Round "1.89"]
[White "Fiedler, Wolfgang(61)"]
[Black "Wilke, Oliver"]
[Result "0-1"]
[WhiteElo "1892"]
[BlackElo "1729"]
[PlyCount "76"]
[EventDate "2012.03.??"]
[EventType "swiss"]
[EventRounds "9"]
[EventCountry "GER"]
[SourceDate "2013.02.18"]
[WhiteTeam "Zirndorf SK"]
[BlackTeam "Mörlenbach-Birkenau FB"]

1. Nf3 Nf6 2. g3 c5 3. Bg2 Nc6 4. c4 g6 5. Nc3 Bg7 6. e4 d6 7. O-O O-O 8. h3
Ne5 9. d3 a6 10. Ne1 e6 11. f4 Nc6 12. Nc2 Rb8 13. Be3 Qc7 14. Rc1 Rd8 15. g4
b5 16. b3 Nxg4 17. hxg4 Bxc3 18. f5 exf5 19. exf5 Bg7 20. Bd5 Kh8 21. Qf3 Ne5
22. Qh3 gxf5 23. gxf5 Rg8 24. Kh1 Bb7 25. f6 Bxd5+ 26. cxd5 Qb7 27. fxg7+ Rxg7
28. Qf5 Qxd5+ 29. Qe4 Qe6 30. Rf5 Rg4 31. Bf4 Rh4+ 32. Kg2 Rg8+ 33. Kf1 Rgg4
34. Ne3 Qxf5 35. Qa8+ Rg8 36. Qxg8+ Kxg8 37. Nxf5 Rxf4+ 38. Ke2 Rxf5 0-1

[Event "Bad Wörishofen op 2012 28th"]
[Site "Bad Wörishofen (2.3.-10.3)"]
[Date "2012.03.03"]
[Round "2.5"]
[White "Kottenhoff, Roland"]
[Black "Levin, Felix"]
[Result "0-1"]
[WhiteElo "1806"]
[BlackElo "2472"]
[PlyCount "51"]
[EventDate "2012.03.??"]
[EventType "swiss"]
[EventRounds "9"]
[EventCountry "GER"]
[SourceDate "2013.02.18"]
[WhiteTeam "Bad Salzig Sfr."]
[BlackTeam "Mülheim-Nord SV"]

1. e4 c5 2. Nf3 e6 3. d4 cxd4 4. Nxd4 a6 5. Nc3 b5 6. a3 Bb7 7. Bd3 Qc7 8. O-O
Nf6 9. Kh1 d6 10. f4 Nbd7 11. Qe2 Be7 12. Bd2 g6 13. Rae1 Nc5 14. b4 Nxd3 15.
cxd3 O-O 16. Rc1 Qd7 17. Nd1 Rfe8 18. Nb3 Rad8 19. Ne3 Nh5 20. Bc3 Ng7 21. Nd2
f5 22. Rc2 Rc8 23. Rfc1 Bf8 24. Bb2 Rxc2 25. Rxc2 fxe4 26. dxe4 0-1

[Event "Bad Wörishofen op 2012 28th"]
[Site "Bad Wörishofen (2.3.-10.3)"]
[Date "2012.03.03"]
[Round "2.7"]
[White "Weisenburger, Horst"]
[Black "Meister, Jakob"]
[Result "0-1"]
[WhiteElo "2100"]
[BlackElo "2429"]
[PlyCount "65"]
[EventDate "2012.03.??"]
[EventType "swiss"]
[EventRounds "9"]
[EventCountry "GER"]
[SourceDate "2013.02.18"]
[WhiteTeam "Böblingen SC"]
[BlackTeam "Berlin Zehlendorf SK"]

1. f4 d6 2. g3 e5 3. d3 h5 4. h3 exf4 5. Bxf4 Ne7 6. Nf3 Ng6 7. Bg5 Be7 8. Qd2
Nc6 9. Nc3 Be6 10. Bg2 d5 11. e4 d4 12. Ne2 f6 13. Bf4 Qd7 14. c3 dxc3 15. bxc3
Nce5 16. d4 Nxf3+ 17. Bxf3 O-O-O 18. Rb1 c6 19. Be3 Bxh3 20. c4 Bg4 21. Bg2 h4
22. Qa5 a6 23. Nc3 Qc7 24. Qxc7+ Kxc7 25. d5 c5 26. d6+ Bxd6 27. e5 Nxe5 28.
Rxb7+ Kc8 29. O-O Nxc4 30. Na4 Bd7 31. Rc1 Bxa4 32. Rxc4 Bb5 33. Rc1 0-1

[Event "Bad Wörishofen op 2012 28th"]
[Site "Bad Wörishofen (2.3.-10.3)"]
[Date "2012.03.03"]
[Round "2.8"]
[White "Meijers, Viesturs"]
[Black "Stiller, Patrick Dr"]
[Result "1-0"]
[WhiteElo "2443"]
[BlackElo "2146"]
[PlyCount "103"]
[EventDate "2012.03.??"]
[EventType "swiss"]
[EventRounds "9"]
[EventCountry "GER"]
[SourceDate "2013.02.18"]
[WhiteTeam "Aue Nickelhütte ESV"]
[BlackTeam "Ulm Post SV"]

1. d4 Nf6 2. Bg5 Ne4 3. Bf4 c5 4. f3 Qa5+ 5. c3 Nf6 6. Nd2 cxd4 7. Nb3 Qf5 8.
Bxb8 Rxb8 9. Qxd4 b6 10. e4 Qf4 11. Ne2 Qc7 12. e5 Ng8 13. Ng3 Bb7 14. Nf5 f6
15. exf6 Nxf6 16. O-O-O e6 17. Re1 Kf7 18. Ne3 Bc5 19. Qh4 Bxe3+ 20. Rxe3 h6
21. Bc4 g5 22. Qd4 Qf4 23. Kb1 Qxd4 24. Nxd4 a6 25. Rc1 Rhg8 26. g3 Rg7 27. a4
Kf8 28. Be2 Rf7 29. Re5 Rc8 30. Nc2 Kg7 31. c4 Rc5 32. Re3 a5 33. Rb3 Ba6 34.
Ne3 Re5 35. Rd1 Bb7 36. Kc1 Bc6 37. Kd2 Bxa4 38. Rxb6 Bc6 39. b3 Rc5 40. Ra6
Ne8 41. Ng4 h5 42. Nf2 Bxf3 43. Nd3 Rc7 44. Bxf3 Rxf3 45. Rxa5 Rf5 46. Rxf5
exf5 47. h4 gxh4 48. gxh4 Nf6 49. Ke3 Ne4 50. Nb4 Kf6 51. Rd5 Ke6 52. Kf4 1-0

[Event "Bad Wörishofen op 2012 28th"]
[Site "Bad Wörishofen (2.3.-10.3)"]
[Date "2012.03.03"]
[Round "2.10"]
[White "Andreev, Eduard"]
[Black "Daeubler, Heinrich"]
[Result "1-0"]
[WhiteElo "2547"]
[BlackElo "2049"]
[PlyCount "39"]
[EventDate "2012.03.??"]
[EventType "swiss"]
[EventRounds "9"]
[EventCountry "GER"]
[SourceDate "2013.02.18"]
[WhiteTeam "UKR/Ukraine"]
[BlackTeam "Amberg Siemens SG"]
[WhiteTeamCountry "UKR"]

1. e4 e5 2. Nf3 Nc6 3. d4 exd4 4. Nxd4 Bc5 5. Nb3 Bb6 6. Nc3 Qf6 7. Qe2 Nge7 8.
Be3 O-O 9. O-O-O d6 10. h4 Bxe3+ 11. Qxe3 a6 12. Be2 Ne5 13. f3 Be6 14. Nd4
Rad8 15. g4 N5g6 16. Nf5 Rfe8 17. h5 Bxf5 18. gxf5 Nxf5 19. Qa7 Kf8 20. hxg6
1-0

[Event "Bad Wörishofen op 2012 28th"]
[Site "Bad Wörishofen (2.3.-10.3)"]
[Date "2012.03.03"]
[Round "2.11"]
[White "Fehr, Axel Dr"]
[Black "Gutman, Lev"]
[Result "0-1"]
[WhiteElo "2132"]
[BlackElo "2435"]
[PlyCount "74"]
[EventDate "2012.03.??"]
[EventType "swiss"]
[EventRounds "9"]
[EventCountry "GER"]
[SourceDate "2013.02.18"]
[WhiteTeam "SUI/Chur SC(Brackweder SK)"]
[BlackTeam "Lingen SV"]
[WhiteTeamCountry "SUI"]

1. c4 Nf6 2. g3 g6 3. Bg2 Bg7 4. Nf3 O-O 5. O-O d5 6. cxd5 Nxd5 7. Nc3 c6 8. d4
Nxc3 9. bxc3 Qa5 10. Qb3 Nd7 11. Ba3 Re8 12. Rac1 Nb6 13. e4 Be6 14. c4 Bxc4
15. Rxc4 Nxc4 16. Bb4 Qa6 17. Rc1 Nd6 18. e5 Nc8 19. Ng5 Rf8 20. Bh3 Bh6 21. f4
Bxg5 22. fxg5 Qb6 23. Qc3 Qd8 24. Bg2 Nb6 25. Qd2 Qd7 26. Re1 Rad8 27. Bc5 Na4
28. Ba3 Qxd4+ 29. Qxd4 Rxd4 30. Bxe7 Nc3 31. Bf6 Rd1 32. Rxd1 Nxd1 33. Bh3 Re8
34. Bd7 Re6 35. Bxe6 fxe6 36. Be7 Nc3 37. a3 Kf7 0-1

[Event "Bad Wörishofen op 2012 28th"]
[Site "Bad Wörishofen (2.3.-10.3)"]
[Date "2012.03.03"]
[Round "2.12"]
[White "Karpatchev, Aleksandr"]
[Black "Behling, Robert"]
[Result "1-0"]
[WhiteElo "2394"]
[BlackElo "2066"]
[PlyCount "95"]
[EventDate "2012.03.??"]
[EventType "swiss"]
[EventRounds "9"]
[EventCountry "GER"]
[SourceDate "2013.02.18"]
[WhiteTeam "Bad Mergentheim SF"]
[BlackTeam "Augsburg Caissa SK"]

1. e4 c6 2. d4 d5 3. Nc3 dxe4 4. Nxe4 Bf5 5. Ng3 Bg6 6. Nh3 Nf6 7. Nf4 Nbd7 8.
c3 e5 9. dxe5 Nxe5 10. Qxd8+ Rxd8 11. Be3 b6 12. h3 Bd6 13. O-O-O O-O 14. Be2
h6 15. Nxg6 Nxg6 16. Bf3 Bxg3 17. fxg3 Ne5 18. Bd4 Nfd7 19. Rhe1 f6 20. Be4 g6
21. g4 Kg7 22. Kc2 Rfe8 23. Re2 Rc8 24. Bg1 Kf7 25. b4 Re7 26. a4 a6 27. Red2
Rc7 28. Rd6 Rc8 29. h4 Rc7 30. h5 gxh5 31. gxh5 Re6 32. R6d2 Re7 33. Bf5 c5 34.
b5 axb5 35. axb5 Nf8 36. Kb3 Ne6 37. Rd6 Ng7 38. Be4 Red7 39. Bd5+ Ke7 40. Rxb6
c4+ 41. Kc2 Nxh5 42. Re6+ Kf8 43. b6 Rc8 44. b7 Rb8 45. Bc5+ Kg7 46. Re7+ Rxe7
47. Bxe7 Nf7 48. Rb1 1-0

[Event "Bad Wörishofen op 2012 28th"]
[Site "Bad Wörishofen (2.3.-10.3)"]
[Date "2012.03.03"]
[Round "2.14"]
[White "Kuijf, Marinus"]
[Black "Hornung, Hans Dr"]
[Result "1-0"]
[WhiteElo "2393"]
[BlackElo "2077"]
[PlyCount "29"]
[EventDate "2012.03.??"]
[EventType "swiss"]
[EventRounds "9"]
[EventCountry "GER"]
[SourceDate "2013.02.18"]
[WhiteTeam "Münster 32 SK"]
[BlackTeam "Klosterlechfeld SK"]

1. e4 e6 2. d4 d5 3. Nd2 c5 4. Ngf3 Nf6 5. e5 Nfd7 6. c3 Nc6 7. Bd3 Be7 8. O-O
a5 9. Re1 a4 10. dxc5 Nxc5 11. Bc2 O-O 12. Nd4 f6 13. exf6 Bxf6 14. N2f3 a3 15.
b4 1-0

[Event "Bad Wörishofen op 2012 28th"]
[Site "Bad Wörishofen (2.3.-10.3)"]
[Date "2012.03.03"]
[Round "2.15"]
[White "Roemhild, Marcus"]
[Black "Vasilevich, Tatjana"]
[Result "0-1"]
[WhiteElo "2048"]
[BlackElo "2379"]
[PlyCount "98"]
[EventDate "2012.03.??"]
[EventType "swiss"]
[EventRounds "9"]
[EventCountry "GER"]
[SourceDate "2013.02.18"]
[WhiteTeam "Lippstadt Turm LSV"]
[BlackTeam "Aue Nickelhütte ESV"]

1. c4 e6 2. g3 d5 3. Nf3 Nf6 4. Bg2 dxc4 5. Na3 Bxa3 6. bxa3 O-O 7. Bb2 Nd5 8.
Qc2 b5 9. O-O Bb7 10. Rac1 Nd7 11. Rfd1 c5 12. Ba1 f6 13. Rb1 a6 14. e4 N5b6
15. h4 Qe8 16. d3 cxd3 17. Qxd3 Rd8 18. Qe3 Nc4 19. Qe2 Nxa3 20. Rb3 Nc4 21. a4
Bc6 22. Rc3 Qe7 23. Rcc1 Ndb6 24. Rxd8 Rxd8 25. a5 Nxa5 26. Qa2 Nac4 27. e5 f5
28. Ne1 Qb7 29. Qe2 a5 30. h5 h6 31. Bh3 Rd2 32. Qf1 Bf3 33. Nxf3 Qxf3 34. Bc3
Rd8 35. Bxa5 Qb7 36. Bg2 Qc7 37. Bxb6 Qxb6 38. Qe2 Qc7 39. f4 Qd7 40. Qf2 Qd4
41. Bf1 Nd2 42. Qxd4 cxd4 43. Bxb5 Ne4 44. Kg2 d3 45. Rd1 d2 46. Bc4 Kf7 47.
Kf3 Nc3 48. Be2 Nxd1 49. Bxd1 Rd3+ 0-1

[Event "Bad Wörishofen op 2012 28th"]
[Site "Bad Wörishofen (2.3.-10.3)"]
[Date "2012.03.03"]
[Round "2.16"]
[White "Ivanov, Mikhail M(69)"]
[Black "Muehlbach, Peter"]
[Result "1-0"]
[WhiteElo "2368"]
[BlackElo "1995"]
[PlyCount "133"]
[EventDate "2012.03.??"]
[EventType "swiss"]
[EventRounds "9"]
[EventCountry "GER"]
[SourceDate "2013.02.18"]
[WhiteTeam "Bad Mergentheim SF"]
[BlackTeam "Heidelberg-Kirchheim SG"]

1. Nf3 d5 2. g3 Nf6 3. Bg2 c6 4. O-O Bf5 5. d3 h6 6. b3 e6 7. Bb2 Nbd7 8. Nbd2
Bd6 9. e4 dxe4 10. dxe4 Bg4 11. Nc4 Be7 12. Nd6+ Bxd6 13. Qxd6 Bxf3 14. Bxf3
Qb8 15. Qa3 Qc7 16. c4 e5 17. Bg2 c5 18. f4 O-O 19. Bc3 Rfe8 20. Rae1 Re7 21.
Qb2 Rae8 22. Qc2 b6 23. h3 Nh7 24. Kh1 f6 25. Rd1 Nhf8 26. f5 Nb8 27. Qf2 Nc6
28. Rd5 a5 29. g4 Nd4 30. h4 Nh7 31. Bf3 Rd7 32. Qg3 Rxd5 33. exd5 Qd8 34. Re1
Qd7 35. Be4 Kf8 36. Bd2 Ke7 37. a3 Kd6 38. Qc3 Ra8 39. Be3 Qc7 40. Qb2 Nf8 41.
Kg2 Nd7 42. Kf2 Qb7 43. Rg1 Rh8 44. Ke1 Qa6 45. a4 Qa8 46. Kd2 Qe8 47. Kc3 Qf7
48. Qf2 Qe8 49. Kb2 Rh7 50. Rg2 Qf8 51. Rh2 Qh8 52. Qg3 Qf8 53. Rd2 Qc8 54. Bb1
Ke7 55. d6+ Kf8 56. g5 hxg5 57. hxg5 Qc6 58. gxf6 Qxd6 59. fxg7+ Rxg7 60. Qh4
Kg8 61. Bh6 Rg1 62. Qd8+ Kf7 63. Be4 Qxh6 64. Bd5+ Kg7 65. Qxd7+ Kf6 66. Qd6+
Kg5 67. Qxe5 1-0

[Event "Bad Wörishofen op 2012 28th"]
[Site "Bad Wörishofen (2.3.-10.3)"]
[Date "2012.03.03"]
[Round "2.17"]
[White "Reitz, Rolf"]
[Black "Estremera Panos, Sergio"]
[Result "1/2-1/2"]
[WhiteElo "1957"]
[BlackElo "2258"]
[PlyCount "83"]
[EventDate "2012.03.??"]
[EventType "swiss"]
[EventRounds "9"]
[EventCountry "GER"]
[SourceDate "2013.02.18"]
[WhiteTeam "Sülz-Klettenberg SK"]
[BlackTeam "ESP/Spanien"]
[BlackTeamCountry "ESP"]

1. d4 Nf6 2. c4 e6 3. Nc3 Bb4 4. e3 O-O 5. Bd3 d5 6. Nf3 c5 7. O-O Nc6 8. a3
Bxc3 9. bxc3 Qc7 10. Qe2 dxc4 11. Bxc4 e5 12. d5 e4 13. dxc6 Bg4 14. cxb7 Qxb7
15. Qb2 Qxb2 16. Bxb2 exf3 17. a4 Rfd8 18. Bb5 Rac8 19. h3 Bh5 20. g4 Bg6 21.
Rfd1 Bc2 22. Rxd8+ Rxd8 23. Ba3 Ne4 24. Bc6 Nxc3 25. Bxf3 Nxa4 26. Rc1 Rd2 27.
Kf1 Bd3+ 28. Ke1 Rc2 29. Rb1 Nb6 30. Ra1 Bg6 31. Bd1 Rc4 32. Be2 Rc3 33. Bb2
Rb3 34. Be5 f6 35. Bc7 Rb1+ 36. Rxb1 Bxb1 37. Bb8 Ba2 38. Bxa7 Nd7 39. Kd2 Kf7
40. Bb5 Ke7 41. Bxd7 Kxd7 42. Bxc5 1/2-1/2

[Event "Bad Wörishofen op 2012 28th"]
[Site "Bad Wörishofen (2.3.-10.3)"]
[Date "2012.03.03"]
[Round "2.18"]
[White "Graf, Felix(93)"]
[Black "Bartels, Holger"]
[Result "1-0"]
[WhiteElo "2349"]
[BlackElo "2046"]
[PlyCount "65"]
[EventDate "2012.03.??"]
[EventType "swiss"]
[EventRounds "9"]
[EventCountry "GER"]
[SourceDate "2013.02.18"]
[WhiteTeam "München Bayern FC"]
[BlackTeam "Hamburg Diogenes SC"]

1. d4 d5 2. c4 e6 3. Nc3 Nf6 4. cxd5 exd5 5. Bg5 Be7 6. e3 c6 7. Bd3 Bg4 8.
Nge2 Bh5 9. O-O Bg6 10. Ng3 Bxd3 11. Qxd3 O-O 12. Nf5 g6 13. Nxe7+ Qxe7 14. b4
Nbd7 15. b5 Qe6 16. Rab1 Ne4 17. bxc6 bxc6 18. Nxe4 dxe4 19. Qa6 Nb6 20. Rfc1
Rfc8 21. Bf4 Nd5 22. Bg3 f5 23. Be5 Nb6 24. h3 Nd7 25. Bf4 Nb6 26. Rb2 Qd5 27.
Rc5 Qd7 28. a4 Re8 29. a5 Qc8 30. Qxc8 Nxc8 31. Rb7 Re6 32. a6 Ne7 33. Re5 1-0

[Event "Bad Wörishofen op 2012 28th"]
[Site "Bad Wörishofen (2.3.-10.3)"]
[Date "2012.03.03"]
[Round "2.19"]
[White "Schmitzer, Peter"]
[Black "Donchenko, Anatoly"]
[Result "0-1"]
[WhiteElo "1992"]
[BlackElo "2306"]
[PlyCount "47"]
[EventDate "2012.03.??"]
[EventType "swiss"]
[EventRounds "9"]
[EventCountry "GER"]
[SourceDate "2013.02.18"]
[WhiteTeam "München RTA"]
[BlackTeam "Giessen SK"]

1. d4 Nf6 2. Nf3 e6 3. c3 c5 4. e3 b6 5. Bd3 Bb7 6. Nbd2 d5 7. O-O Nbd7 8. Ne5
Be7 9. f4 O-O 10. Qf3 g6 11. Qh3 Ne8 12. Ndf3 f5 13. Nxd7 Qxd7 14. Ne5 Qc8 15.
Bd2 Nd6 16. Rf3 Bf6 17. Raf1 a5 18. Be1 Ba6 19. Bxa6 Rxa6 20. Kh1 Ne4 21. b4
Bxe5 22. fxe5 Ng5 23. Qg3 Nxf3 24. Rxf3 0-1

[Event "Bad Wörishofen op 2012 28th"]
[Site "Bad Wörishofen (2.3.-10.3)"]
[Date "2012.03.03"]
[Round "2.20"]
[White "Kummerow, Heiko"]
[Black "Koenig, Falk"]
[Result "1-0"]
[WhiteElo "2285"]
[BlackElo "1949"]
[PlyCount "45"]
[EventDate "2012.03.??"]
[EventType "swiss"]
[EventRounds "9"]
[EventCountry "GER"]
[SourceDate "2013.02.18"]
[WhiteTeam "Recklinghäuser SG"]
[BlackTeam "Vonkeln SF"]

1. e4 c5 2. Nf3 e6 3. d4 cxd4 4. Nxd4 a6 5. Nc3 Qc7 6. Bd3 Nc6 7. Nxc6 dxc6 8.
O-O e5 9. f4 Bc5+ 10. Kh1 Nf6 11. f5 h5 12. Qe2 h4 13. Rf3 Ng4 14. Nd1 Qb6 15.
Bc4 Bd7 16. Rb3 Qa5 17. Bd2 Qa4 18. Rxb7 Nf6 19. b4 Bd4 20. Bb3 Nh5 21. Be3 Qa3
22. Bxd4 exd4 23. Qc4 1-0

[Event "Bad Wörishofen op 2012 28th"]
[Site "Bad Wörishofen (2.3.-10.3)"]
[Date "2012.03.03"]
[Round "2.21"]
[White "Guenther, Thomas(63)"]
[Black "Pirrot, Dieter"]
[Result "0-1"]
[WhiteElo "1977"]
[BlackElo "2316"]
[PlyCount "86"]
[EventDate "2012.03.??"]
[EventType "swiss"]
[EventRounds "9"]
[EventCountry "GER"]
[SourceDate "2013.02.18"]
[WhiteTeam "Berlin Lichtenrade SC"]
[BlackTeam "Hofheim(Taunus) SV"]

1. d4 d5 2. Nf3 e6 3. c4 c6 4. e3 Bd6 5. Nc3 f5 6. Ne5 Nf6 7. f4 O-O 8. Be2 b6
9. O-O Bb7 10. a3 Nbd7 11. b4 c5 12. Qb3 Rb8 13. Nb5 Bxe5 14. dxe5 Ne4 15. Nc3
Nxc3 16. Qxc3 Qe7 17. Bb2 Rfc8 18. b5 a5 19. Bf3 dxc4 20. Bxb7 Rxb7 21. Rad1
Nf8 22. Rd6 Rd8 23. Rfd1 Rbd7 24. a4 Kf7 25. h3 g6 26. Kh2 Ke8 27. Qxc4 Rxd6
28. Rxd6 Rxd6 29. exd6 Qxd6 30. Qc3 g5 31. Qg7 gxf4 32. Be5 Qd7 33. exf4 Qxg7
34. Bxg7 Nd7 35. Kg3 Ke7 36. Kf3 Kd6 37. g4 fxg4+ 38. hxg4 Kd5 39. Ke3 e5 40.
f5 c4 41. f6 Ke6 42. g5 Kf7 43. Bh6 Nc5 0-1

[Event "Bad Wörishofen op 2012 28th"]
[Site "Bad Wörishofen (2.3.-10.3)"]
[Date "2012.03.03"]
[Round "2.22"]
[White "Loetscher, Roland"]
[Black "Klamp, Christoph"]
[Result "1-0"]
[WhiteElo "2330"]
[BlackElo "2024"]
[PlyCount "41"]
[EventDate "2012.03.??"]
[EventType "swiss"]
[EventRounds "9"]
[EventCountry "GER"]
[SourceDate "2013.02.18"]
[WhiteTeam "Garching SC"]
[BlackTeam "Darmstadt Schachforum SV"]

1. d4 f5 2. g3 g6 3. Bg2 Nf6 4. Nf3 Bg7 5. O-O O-O 6. b3 d6 7. Bb2 c6 8. Nbd2
Re8 9. c4 Nbd7 10. Qc2 e5 11. dxe5 dxe5 12. e4 f4 13. c5 Qe7 14. Nc4 fxg3 15.
hxg3 Ng4 16. Nd6 Ndf6 17. Ng5 Bh6 18. Qc4+ Kh8 19. Ngf7+ Kg7 20. Nxh6 Kxh6 21.
f3 1-0

[Event "Bad Wörishofen op 2012 28th"]
[Site "Bad Wörishofen (2.3.-10.3)"]
[Date "2012.03.03"]
[Round "2.23"]
[White "Jameson, David"]
[Black "Wichmann, Cliff"]
[Result "0-1"]
[WhiteElo "2067"]
[BlackElo "2276"]
[PlyCount "60"]
[EventDate "2012.03.??"]
[EventType "swiss"]
[EventRounds "9"]
[EventCountry "GER"]
[SourceDate "2013.02.18"]
[WhiteTeam "Starnberg SC"]
[BlackTeam "Aue Nickelhütte ESV"]

1. e4 d5 2. exd5 Nf6 3. c4 e6 4. Nc3 exd5 5. d4 Bb4 6. Bg5 O-O 7. cxd5 Qe8+ 8.
Be2 Nxd5 9. Bd2 Qd8 10. Nf3 Nc6 11. O-O Be6 12. Qc2 Be7 13. Nxd5 Qxd5 14. Be3
Bf6 15. Rfd1 Nb4 16. Qxc7 Rfc8 17. Qg3 Nc2 18. Rdc1 Nxa1 19. Rxa1 Rc2 20. Bd3
Rxb2 21. Nd2 Rxa2 22. Rd1 Bf5 23. Be2 Rd8 24. Bf3 Qd6 25. Qxd6 Rxd6 26. Nb3 Bc2
27. Nc1 Bxd1 28. Nxa2 Bxf3 29. gxf3 Bxd4 30. Bf4 Rf6 0-1